000 00334 a2200157 4500
001 61019
020 _a
040 _cAnchieta - Pituba
100 _aMiguel, Jorge
240 1 0 _aCurso de literatura I
_lpor
245 1 0 _aCurso de literatura I
300 _a107
362 0 _a1986
650 4 _aLiteratura brasileira
942 _cBK
999 _c61019
_d61019